| 000 | 00703nam a2200217Ia 4500 | ||
|---|---|---|---|
| 001 | 10351 | ||
| 003 | GE_BSU | ||
| 008 | 181216s||||||||xx |||||||||||||| ||und|| | ||
| 040 | _cGE_BSU | ||
| 100 | _aუგულავა,ირაკლი | ||
| 245 | _aდურდანში არის საფლავი | ||
| 245 | _bრომანი | ||
| 245 | _cრედ.მ.სანადირაძე. მხატვ.რ.მახარაძე | ||
| 260 | _aთბილისი | ||
| 260 | _bმერანი | ||
| 260 | _c1986 | ||
| 300 | _a193გვ.20სმ. | ||
| 653 | _aდურდანში არის საფლავი | ||
| 653 | _aრომანი | ||
| 942 | _cBK | ||
| 999 |
_c43616 _d43616 |
||